[Event "Stuttgart-chB int"]
[Site "Ditzingen"]
[Date "2016.05.05"]
[Round "1"]
[White "Giebler, Kai"]
[Black "Toelg, Wolfgang"]
[Result "1-0"]
[WhiteElo "1789"]
[BlackElo "1598"]
[PlyCount "173"]
[EventDate "2016.05.05"]
[EventType "swiss"]
[EventRounds "7"]
[EventCountry "GER"]
[SourceTitle "EXT 2018"]
[Source "ChessBase"]
[SourceDate "2017.10.13"]
[SourceVersion "1"]
[SourceVersionDate "2017.10.13"]
[SourceQuality "1"]

1. e4 e5 2. Nf3 Nc6 3. d4 exd4 4. Nxd4 Qf6 5. Be3 Bc5 6. c3 Bb6 7. Be2 Nge7 8. Bf3 Ne5 9. Be2 0-0 10. Nd2 d5 11. f3 c5 12. N4b3 dxe4 13. Nxe4 Qg6 14. Bxc5 Rd8 15. Bd4 Bxd4 16. cxd4 Qxg2 17. Ng3 Be6 18. Nc5 Bf5 19. Nxb7 Rd5 20. f4 Be4 21. fxe5 Nf5 22. Bf1 Qf3 23. Qxf3 Bxf3 24. Nxf5 Kf8 25. Rg1 g6 26. Nh4 Bh5 27. Bg2 Rxd4 28. Nf3 Rb4 29. Ng5 Re8 30. e6 h6 31. Nd6 Re7 32. Ngxf7 Rxe6+ 33. Kd2 g5 34. Kc3 Rf4 35. Bd5 Re3+ 36. Kd2 Re2+ 37. Kc3 Bg6 38. Nxh6 Re3+ 39. Kd2 Rd3+ 40. Ke2 Rxd5 41. Rad1 Bh5+ 42. Ng4 Rxd1 43. Kxd1 Bxg4+ 44. Kc2 a6 45. h3 Bf5+ 46. Nxf5 Rxf5 47. Re1 Kf7 48. Re3 Rf2+ 49. Kc3 Rf4 50. b3 Rh4 51. a4 Rh6 52. b4 Rb6 53. Re5 Kf6 54. Ra5 Rc6+ 55. Rc5 Rb6 56. b5 axb5 57. axb5 Rb8 58. Kc4 Kg6 59. Rd5 Kh5 60. Kc5 Kh4 61. b6 Rc8+ 62. Kb5 Kxh3 63. Rxg5 Kh4 64. Rg7 Rc1 65. b7 Kh5 66. Kb6 Kh6 67. Rc7 Rb1+ 68. Kc6 Kg6 69. Kd7 Kf6 70. Kc8 Ke6 71. b8Q Rxb8+ 72. Kxb8 Kd6 73. Rc4 Kd5 74. Rh4 Kc5 75. Kc7 Kd5 76. Kb6 Ke5 77. Kc6 Ke6 78. Re4+ Kf5 79. Kd5 Kf6 80. Re5 Kf7 81. Re6 Kf8 82. Kd6 Kf7 83. Ke5 Kg7 84. Kf5 Kf7 85. Re5 Kg7 86. Ra5 Kh6 87. Ra7 1-0

[Event "Stuttgart-chB op"]
[Site "Ditzingen"]
[Date "2015.05.16"]
[Round "6"]
[White "Ellinger, Harald"]
[Black "Toelg, Wolfgang"]
[Result "0-1"]
[WhiteElo "1854"]
[BlackElo "1720"]
[PlyCount "80"]
[EventDate "2015.05.17"]
[EventType "swiss"]
[EventRounds "7"]
[EventCountry "GER"]
[SourceTitle "EXT 2018"]
[Source "ChessBase"]
[SourceDate "2017.10.13"]
[SourceVersion "1"]
[SourceVersionDate "2017.10.13"]
[SourceQuality "1"]

1. Nf3 d5 2. d4 f5 3. c4 e6 4. cxd5 exd5 5. a3 c6 6. Nc3 Nf6 7. Bg5 h6 8. Bxf6 Qxf6 9. g3 Bd6 10. Bg2 0-0 11. 0-0 f4 12. e4 dxe4 13. Nxe4 Qd8 14. Qb3+ Kh8 15. Nxd6 Qxd6 16. Rae1 Nd7 17. Ne5 Nxe5 18. dxe5 Qe7 19. Qc3 Be6 20. Rd1 Rad8 21. Rd4 fxg3 22. hxg3 c5 23. Rxd8 Rxd8 24. f4 Bf5 25. Bf3 Rd3 26. Qe1 Qd7 27. Kg2 Bh3+ 28. Kh2 Bxf1 29. Qxf1 Rd2+ 30. Bg2 Rxb2 31. Kg1 Qd4+ 32. Kh2 Qe4 33. Kh3 Qf5+ 34. g4 Rb3+ 35. Bf3 Qxf4 36. Kg2 Rb2+ 37. Be2 Qxg4+ 38. Kh1 Qe4+ 39. Kg1 Rxe2 40. Qf8+ Kh7 0-1

[Event "Wuerttemberg-ch KT"]
[Site "Gruenbach"]
[Date "2014.09.05"]
[Round "7"]
[White "Schreiber, Hans"]
[Black "Toelg, Wolfgang"]
[Result "1-0"]
[WhiteElo "1939"]
[BlackElo "1768"]
[PlyCount "61"]
[EventDate "2014.08.30"]
[EventType "swiss"]
[EventRounds "9"]
[EventCountry "GER"]
[SourceTitle "EXT 2017"]
[Source "ChessBase"]
[SourceDate "2016.10.25"]
[SourceVersion "1"]
[SourceVersionDate "2016.10.25"]
[SourceQuality "1"]

1. c4 e5 2. g3 Bc5 3. Bg2 f5 4. d3 Nf6 5. Nc3 c6 6. e3 0-0 7. Nge2 d5 8. cxd5 cxd5 9. 0-0 Nc6 10. Na4 Be7 11. d4 e4 12. a3 b5 13. Nc5 Bxc5 14. dxc5 b4 15. Bd2 bxa3 16. Rxa3 Rb8 17. Bc3 Be6 18. Nd4 Nxd4 19. Qxd4 Qc7 20. Rfa1 Rf7 21. Bf1 Ra8 22. b4 h6 23. b5 Rb8 24. Ba5 Qe7 25. c6 Ne8 26. Bb4 Qc7 27. Rxa7 Qc8 28. Qc5 Rc7 29. Rxc7 Nxc7 30. b6 Ne8 31. Ra7 1-0

[Event "Wuerttemberg-ch KT"]
[Site "Gruenbach"]
[Date "2014.09.03"]
[Round "5"]
[White "Kolb, Roland"]
[Black "Toelg, Wolfgang"]
[Result "1-0"]
[WhiteElo "2020"]
[BlackElo "1768"]
[PlyCount "93"]
[EventDate "2014.08.30"]
[EventType "swiss"]
[EventRounds "9"]
[EventCountry "GER"]
[SourceTitle "EXT 2017"]
[Source "ChessBase"]
[SourceDate "2016.10.25"]
[SourceVersion "1"]
[SourceVersionDate "2016.10.25"]
[SourceQuality "1"]

1. Nf3 d5 2. d4 f5 3. c4 e6 4. g3 Nf6 5. Bg5 Be7 6. Bg2 h6 7. Bxf6 Bxf6 8. e3 0-0 9. 0-0 c6 10. Nbd2 Bd7 11. Rb1 Be8 12. Qb3 Qe7 13. Ne5 Bxe5 14. dxe5 Na6 15. Rbc1 Qb4 16. Qc2 Bh5 17. a3 Qe7 18. Rfe1 Rad8 19. b4 Rd7 20. Nb3 b6 21. cxd5 cxd5 22. Nd4 Rc7 23. Qd3 Rfc8 24. Rxc7 Nxc7 25. Nc6 Qd7 26. Rc1 Ra8 27. Qc2 Be8 28. Bf1 a6 29. a4 b5 30. axb5 axb5 31. Nd4 Ra7 32. Qc5 Rb7 33. Ra1 Kf7 34. h4 g6 35. Be2 Qe7 36. Qc3 Bd7 37. Ra5 Qe8 38. Qc5 Qe7 39. Qc3 Qe8 40. Kg2 Qe7 41. Nb3 Rb8 42. Qxc7 Rc8 43. Qd6 Qd8 44. Ra7 Ke8 45. Nc5 Rc6 46. Qxd7+ Qxd7 47. Nxd7 1-0

[Event "Stuttgart-chB int"]
[Site "Ditzingen"]
[Date "2014.05.31"]
[Round "7"]
[White "Thakkar, Amish"]
[Black "Toelg, Wolfgang"]
[Result "1-0"]
[WhiteElo "1585"]
[BlackElo "1772"]
[PlyCount "83"]
[EventDate "2014.05.29"]
[EventType "swiss"]
[EventRounds "7"]
[EventCountry "GER"]
[SourceTitle "EXT 2015"]
[Source "ChessBase"]
[SourceDate "2014.11.20"]
[SourceVersion "1"]
[SourceVersionDate "2014.11.20"]
[SourceQuality "1"]

1. e4 e5 2. Nf3 Nc6 3. Bc4 Bc5 4. c3 d6 5. d3 Be6 6. Bb3 Nf6 7. Nbd2 0-0 8. Nf1 Ng4 9. Ne3 Nf6 10. Bc2 Qd7 11. d4 exd4 12. cxd4 Bb4+ 13. Bd2 Bxd2+ 14. Qxd2 Bg4 15. h3 Bh5 16. g4 Bg6 17. d5 Nxe4 18. Bxe4 Bxe4 19. dxc6 Qxc6 20. Nd4 Qd7 21. f3 Bg6 22. Ndf5 Rfe8 23. Kf2 Qb5 24. Rac1 Qb6 25. Qd4 Qxd4 26. Nxd4 c5 27. Ndf5 Re6 28. Rhd1 Rae8 29. Nxd6 Rxe3 30. Nxe8 Rxe8 31. Rxc5 h6 32. Rc7 Rb8 33. Rdd7 b5 34. Rxa7 Rc8 35. Rac7 Ra8 36. a3 Kh7 37. f4 Be4 38. Rxf7 Rd8 39. Rxg7+ Kh8 40. Rge7 Rf8 41. Ke3 Bb1 42. f5 1-0

[Event "Oeffingen op 4th"]
[Site "Oeffingen"]
[Date "2013.05.18"]
[Round "3"]
[White "Alber, Wilhelm"]
[Black "Toelg, Wolfgang"]
[Result "1-0"]
[WhiteElo "1818"]
[BlackElo "1565"]
[PlyCount "35"]
[EventDate "2013.05.17"]
[EventType "swiss"]
[EventRounds "7"]
[EventCountry "GER"]
[SourceTitle "CBM 154 Extra"]
[Source "ChessBase"]
[SourceDate "2013.06.25"]
[SourceVersion "2"]
[SourceVersionDate "2013.06.25"]
[SourceQuality "1"]

1. Nf3 d5 2. g3 c5 3. Bg2 Nc6 4. 0-0 e5 5. d3 f5 6. c4 d4 7. e3 e4 8. dxe4 fxe4 9. Nfd2 Nf6 10. Nxe4 dxe3 11. Bxe3 Nxe4 12. Bxe4 Nd4 13. Qh5+ Kd7 14. Nc3 Qf6 15. Rad1 g6 16. Bxd4 cxd4 17. Qb5+ Ke6 18. Bd5+ 1-0

[Event "Stuttgart-chB int"]
[Site "Ditzingen"]
[Date "2013.05.10"]
[Round "4"]
[White "Fuchs, Egbert"]
[Black "Toelg, Wolfgang"]
[Result "1/2-1/2"]
[WhiteElo "1706"]
[BlackElo "1782"]
[PlyCount "81"]
[EventDate "2013.05.09"]
[EventType "swiss"]
[EventRounds "7"]
[EventCountry "GER"]
[SourceTitle "EXT 2014"]
[Source "ChessBase"]
[SourceDate "2013.11.20"]
[SourceVersion "1"]
[SourceVersionDate "2013.11.20"]
[SourceQuality "1"]

1. e4 e5 2. Nf3 Nc6 3. d4 exd4 4. Bc4 Bc5 5. c3 dxc3 6. Bxf7+ Kf8 7. Bxg8 Rxg8 8. Nxc3 d6 9. 0-0 Bg4 10. h3 Bh5 11. g4 Bg6 12. Ng5 Qd7 13. Qf3+ Ke8 14. Qg3 Rf8 15. Bf4 Nd4 16. h4 h6 17. Nh3 Bxe4 18. Rae1 d5 19. Nxe4 dxe4 20. Rxe4+ Kf7 21. Rfe1 Kg8 22. Kg2 Bb6 23. g5 Nf5 24. Qb3+ Kh7 25. Be5 Qc6 26. f3 h5 27. g6+ Qxg6+ 28. Kh2 Rad8 29. Ng5+ Kh8 30. R1e2 Nxh4 31. Bg3 Qxg5 32. Bxh4 Qg1+ 33. Kh3 Qf1+ 34. Kg3 Rd6 35. Re5 g6 36. Be7 h4+ 37. Bxh4 Qg1+ 38. Kh3 Qh1+ 39. Kg3 Qg1+ 40. Kh3 Qh1+ 41. Kg3 1/2-1/2

[Event "Wuerttemberg-ch KT"]
[Site "Illertissen"]
[Date "2012.09.01"]
[Round "8"]
[White "Toelg, Wolfgang"]
[Black "Grosse, Manfred"]
[Result "0-1"]
[WhiteElo "1771"]
[BlackElo "1986"]
[PlyCount "60"]
[EventDate "2012.08.25"]
[EventType "swiss"]
[EventRounds "9"]
[EventCountry "GER"]
[SourceTitle "EXT 2017"]
[Source "ChessBase"]
[SourceDate "2016.10.25"]
[SourceVersion "1"]
[SourceVersionDate "2016.10.25"]
[SourceQuality "1"]

1. e4 d5 2. exd5 Nf6 3. c4 g6 4. d4 Bg7 5. Nf3 0-0 6. Be2 c6 7. dxc6 Nxc6 8. Be3 Ng4 9. 0-0 Nxe3 10. fxe3 e6 11. Nc3 Ne7 12. e4 Bd7 13. Qd2 Qb6 14. Kh1 Rad8 15. Rad1 Qb4 16. a3 Qb3 17. Qc1 Qb6 18. b4 Qc7 19. d5 exd5 20. exd5 Nf5 21. Rde1 Rde8 22. Bd3 Bh6 23. Nd2 Ne3 24. Rg1 Ng4 25. g3 Nf2+ 26. Kg2 Nxd3 27. Qd1 Rxe1 28. Rxe1 Nxe1+ 29. Qxe1 Bxd2 30. Qxd2 Qxc4 0-1

[Event "Wuerttemberg-ch KT"]
[Site "Illertissen"]
[Date "2012.08.27"]
[Round "3"]
[White "Foerderreuther, Jonas"]
[Black "Toelg, Wolfgang"]
[Result "1-0"]
[WhiteElo "1925"]
[BlackElo "1771"]
[PlyCount "59"]
[EventDate "2012.08.25"]
[EventType "swiss"]
[EventRounds "9"]
[EventCountry "GER"]
[SourceTitle "EXT 2017"]
[Source "ChessBase"]
[SourceDate "2016.10.25"]
[SourceVersion "1"]
[SourceVersionDate "2016.10.25"]
[SourceQuality "1"]

1. e4 e5 2. Nf3 Nc6 3. Bb5 a6 4. Ba4 Bc5 5. 0-0 d6 6. c3 b5 7. Bb3 Be6 8. d4 Bxb3 9. axb3 Bb6 10. Qd3 Nge7 11. d5 Nb8 12. c4 b4 13. Bd2 c5 14. Ng5 0-0 15. f4 h6 16. Nf3 Nd7 17. f5 f6 18. Nh4 Qe8 19. Qf3 Kh7 20. Qg4 Qf7 21. Rf3 g5 22. fxg6+ Nxg6 23. Nxg6 Qxg6 24. Qxd7+ Kh8 25. Rg3 Qh7 26. Qxh7+ Kxh7 27. Be3 f5 28. exf5 Rxf5 29. Nd2 Raf8 30. Rxa6 1-0

[Event "Wuerttemberg-ch KT"]
[Site "Lauffen am Neckar"]
[Date "2011.09.04"]
[Round "9"]
[White "Ruff, Robert"]
[Black "Toelg, Wolfgang"]
[Result "1-0"]
[WhiteElo "1785"]
[BlackElo "1772"]
[PlyCount "111"]
[EventDate "2011.08.26"]
[EventType "swiss"]
[EventRounds "9"]
[EventCountry "GER"]
[SourceTitle "EXT 2017"]
[Source "ChessBase"]
[SourceDate "2016.10.25"]
[SourceVersion "1"]
[SourceVersionDate "2016.10.25"]
[SourceQuality "1"]

1. d4 f5 2. g3 Nf6 3. Nf3 e6 4. Bg2 d5 5. 0-0 Be7 6. c4 c6 7. Qb3 0-0 8. Nc3 Nbd7 9. Bf4 Nb6 10. cxd5 exd5 11. Ne5 Nh5 12. Bd2 Nf6 13. e4 fxe4 14. Nxe4 Bf5 15. Ng5 Ng4 16. Ngf3 Nf6 17. Rac1 Qc8 18. Rfe1 Bd6 19. Bf4 Qc7 20. h3 h6 21. Nh4 Bh7 22. Nhg6 Rfe8 23. a3 Bxg6 24. Nxg6 Bxf4 25. Nxf4 Qd7 26. Qd3 Qf7 27. Ng6 Nbd7 28. b4 a6 29. a4 Re6 30. Rxe6 Qxe6 31. Nf4 Qe7 32. b5 axb5 33. axb5 Ra3 34. Qb1 Qd6 35. bxc6 bxc6 36. Qb7 Nb8 37. Ng6 Nfd7 38. Qb1 Qf6 39. Ne5 Qd6 40. Qf5 Ra7 41. Qf7+ Kh7 42. Bf1 Nxe5 43. Qxa7 Ned7 44. Bd3+ g6 45. Rb1 h5 46. Rxb8 Qxb8 47. Qxd7+ Kh6 48. Qxc6 Qg8 49. Qf6 Qe8 50. Kg2 Kh7 51. h4 Qg8 52. Kf3 Qe8 53. Bxg6+ Qxg6 54. Qxg6+ Kxg6 55. Kf4 Kf6 56. f3 1-0